Word Ladder: Shades of Yellow Quiz Stats

 Plays Quiz Updated May 8, 2018

Challenge
Share
Tweet
Embed
Score 0/37 Timer 04:00
0 Plays Today
Hint 4 Letter Word % Correct
Yellow part of an egg• YOLK •
98%
All that glitters is not ____• GOLD •
97.9%
Dining utensilFORK
97.8%
The Big Apple: New ____YORK
97.7%
Santa's northern homePOLE
97.2%
Nothing more left to buy: ____ outSOLD
96.8%
Underside of your footSOLE
96.5%
2013 Johnny Depp film: The ____ RangerLONE
96.1%
You might eat ice cream from thisCONE
95.6%
U.S. President James K.POLK
95.1%
Time for bargainsSALE
94.4%
Canadian singer Celine ____DION
94.4%
Interjection used in golfFORE
94.3%
King of the jungle• LION •
93.8%
AshenPALE
92.6%
Lady Gaga song: ____ This WayBORN
92.2%
Cross the finish one to win a raceLINE
92.1%
To have one you need fuel, oxygen, and heat• FIRE •
91.9%
Not upDOWN
91.9%
Hint 4 Letter Word % Correct
Distribute cards for a gameDEAL
91.5%
Start of a new dayDAWN
90.6%
Center, root, or middleCORE
90.4%
Stephen King short story: Children of the ____• CORN •
89.1%
Baby deerFAWN
88.4%
Narrow or very thinFINE
88.4%
You'll usually need to do this to make a phone callDIAL
88.3%
Capital of SwitzerlandBERN
86.2%
Someone with authority over an academic unitDEAN
85.2%
A bird or a crazy personLOON
84.7%
Godsend, blessing, or bonusBOON
81.8%
Chemical compound containing two hydroxyl groupsDIOL
80.5%
Former Canadian ice hockey forward: Shane ____DOAN
77.4%
The European Organization for Nuclear Research CERN
77.4%
Mythological half human–half goat, such as PanFAUN
56.7%
Plant used to create linen• FLAX •
52.3%
Fake, false, or not realFAUX
51.3%
Uncertainty about what should be done: state of ____FLUX
51.1%

Today's Daily Dose

You're not logged in!

Compare scores with friends on all Sporcle quizzes.
Join for Free
OR
Log In

You Might Also Like...

Show Comments

Extras

Top Quizzes Today


Score Distribution

Your Account Isn't Verified!

In order to create a playlist on Sporcle, you need to verify the email address you used during registration. Go to your Sporcle Settings to finish the process.

Report this User

Report this user for behavior that violates our Community Guidelines.

Details: